Historia de Cardona / (Record no. 143311)

MARC details
000 -LEADER
campo de control de longitud fija 00510nam a2200169 9 4500
001 - NÚMERO DE CONTROL
campo de control 143311
003 - IDENTIFICADOR DE NÚMERO DE CONTROL
campo de control ES-MaACL
005 - FECHA Y HORA DE LA ÚLTIMA TRANSACCIÓN
campo de control 20230906200758.0
007 - CAMPO FIJO DE DESCRIPCIÓN FÍSICA--INFORMACIÓN GENERAL
campo de control de longitud fija t|
008 - DATOS DE LONGITUD FIJA--INFORMACIÓN GENERAL
campo de control de longitud fija 070214s1968 sp r ||||1| spa d
100 1# - ENTRADA PRINCIPAL--NOMBRE DE PERSONA
Nombre de persona Serra i Vilaró, J.
9 (RLIN) 105638
245 10 - MENCIÓN DEL TÍTULO
Título Historia de Cardona /
Mención de responsabilidad, etc. J. Serra i Vilaró.
Número de parte o sección de la obra , . Libro 2º.
-- , . Primera Parte.
260 ## - PUBLICACIÓN, DISTRIBUCIÓN, ETC.
Lugar de publicación, distribución, etc. Tarragona :
Nombre del editor, distribuidor, etc. Sugrañes Hnos.,
Fecha de publicación, distribución, etc. 1968.
300 ## - DESCRIPCIÓN FÍSICA
Extensión 1 v. ;
Dimensiones 22 cm.
651 #4 - PUNTO DE ACCESO ADICIONAL DE MATERIA--NOMBRE GEOGRÁFICO
Nombre geográfico Cardona-
Subdivisión general Historia.
9 (RLIN) 142809
852 ## - LOCALIZACIÓN
Ubicación ES-MaACL
Número de control de estantería P-1707
Sublocalización o colección R.69459
Holdings
Estatus retirado Estado de pérdida Estado de daño No para préstamo Biblioteca de origen Biblioteca actual Ubicación en estantería Fecha de adquisición Fuente de adquisición Total de préstamos Signatura topográfica completa Código de barras Visto por última vez Precio de reemplazo Tipo de ítem Koha
        Biblioteca del Ateneo de Madrid Biblioteca del Ateneo de Madrid Depósito 2 17/01/2008     P-1707 1149106 23/02/2023 23/02/2023 Libro impreso